00869nam a22002297a 4500003000500000005001700005008004100022010001100063011001100074035001100085040000900096082002000105100002300125245006100148246011400209260003700323300002800360490003700388534016100425650001600586830003700602CHAP20220329143721.0110404s1968 mx a r 00010 spa d a100846 a101818 a112506 cCHAP04a539.72112bAn231 aAnderson, David L.13aEl descubrimiento del electrónc/por David L. Anderson3 iLa portada dice:aEl descubrimiento del electrón :bel desarrollo del concepto atómico de la electricidad aMéxico, D.F. :bReverte,c1968 a162 p. :bilus., tablas 0aVan Nostrand momentum booksv; 3 pTít. original :tThe discovery of the electron (the development of the atomic concept of electricity)cPrincepton, N. J. : D. Van Nostrand Company, c1964.14aElectrones.0 aVan Nostrand momentum booksv; 3